Corporate Finance and Investment / Decisions and Strategies (Record no. 837)
[ view plain ]
| 000 -LEADER | |
|---|---|
| fixed length control field | 01590cam a22002054a 4500 |
| 005 - ΗΜΕΡΟΜΗΝΙΑ ΚΑΙ ΩΡΑ ΤΕΛΕΥΤΑΙΑΣ ΕΝΗΜΕΡΩΣΗΣ | |
| Πεδίο ελέγχου | 20250605163947.0 |
| 008 - FIXED-LENGTH DATA ELEMENTS--GENERAL INFORMATION | |
| Πεδίο ελέγχου σταθερού μήκους | 250528s ||||||||||||||||||||||||d |
| 035 ## - SYSTEM CONTROL NUMBER | |
| System control number | 15244 |
| 020 ## - ISBN | |
| ISBN | 138531447 |
| 040 ## - ΠΗΓΗ ΚΑΤΑΛΟΓΟΓΡΑΦΗΣΗΣ | |
| Φορέας πρωτότυπης καταλογογράφησης | MC Athens Campus Library |
| Γλώσσα καταλογογράφησης | Ελληνικά, Μοντέρνα (1453-) |
| Modifying agency | MC Athens Campus Library |
| Κανόνες περιγραφικής καταλογογράφησης | AACR2 |
| 245 1# - ΤΙΤΛΟΣ ΚΑΙ ΔΗΛΩΣΗ ΥΠΕΥΘΥΝΟΤΗΤΑΣ | |
| Τίτλος | Corporate Finance and Investment / Decisions and Strategies |
| 260 ## - PUBLICATION, DISTRIBUTION, ETC. | |
| Name of publisher, distributor, etc. | Prentice Hall, |
| Date of publication, distribution, etc. | 1993 |
| 300 ## - PHYSICAL DESCRIPTION | |
| Extent | 616 |
| 520 ## - SUMMARY, ETC. | |
| Summary, etc. | This book addresses the main challenges in corporate finance today, examining issues primarily from the manager's viewpoint. Preface, Acknowledgements, A Framework for Financial Decisions, An Overview of Financial Management, The Financial Environment, Present Values and Wealth, Valuation of Assets and Shares and Companies, Investment Decisions and Strategies, Investment Appraisal Methods, Project Appraisal - Applications, Investment Evaluation in Practice, Analyzing Investment Risk, Relationships Between Investments: Portfolio Theory, Setting the Risk Premium: The Capital Asset Pricing Model, The Capital Investment Process, Financing Decisions and Policy, Sources of Finance, The Dividend Decision, Gearing and the Required Return, Capital Structure: The Underlying Relationships, Leasing Decisions, Working Capital Management and Theory, Integrated Topics: Overview, The Required Rate of Return on Investment, Managing Currency Risk, The Foreign Investment Decision, Identifying and Valuing Options, Acquisitions and Restructuring, References, Appendices, Index. |
| 700 1# - ΠΡΟΣΘΕΤΗ ΑΝΑΓΡΑΦΗ--ΦΥΣΙΚΟ ΠΡΟΣΩΠΟ | |
| Personal name | Neale Bill |
| 9 (RLIN) | 1134 |
| 700 1# - ΠΡΟΣΘΕΤΗ ΑΝΑΓΡΑΦΗ--ΦΥΣΙΚΟ ΠΡΟΣΩΠΟ | |
| Personal name | Pike Richard |
| 9 (RLIN) | 1135 |
| 942 ## - ADDED ENTRY ELEMENTS (KOHA) | |
| Koha item type | Books |
| Τύπος τεκμηρίου | Βιβλιοθήκη | Τρέχουσα τοποθεσία | Barcode | Αριθμός εισαγωγής | Ημερομηνία απόκτησης | Ταξιθετικό σύμβολο | Αριθμός αντιτύπου | Κατάσταση απόσυρσης | Κατάσταση χαμένου | Κατάσταση κατεστραμμένου | Μη δανεισμός | Σύνολο δανεισμών | Ημερομηνία τελευταίας εμφάνισης | Η τιμή ισχύει από |
|---|---|---|---|---|---|---|---|---|---|---|---|---|---|---|
| Books | MC Athens Campus Library | MC Athens Campus Library | 9780000008367 | 1481 | 05/06/2025 | 658.15/0941 PIK | 1 | 05/06/2025 | 05/06/2025 |